[Event "2. Bundesliga West 2008/2009"]
[Site "Schwaz"]
[Date "2009.01.17"]
[Round "7"]
[Board "1"]
[White "Pitschka, Klaus"]
[Black "Reich, Thomas"]
[Result "1-0"]
[WhiteElo "2301"]
[BlackElo "2425"]
[PlyCount "61"]
[EventDate "2008.10.17"]
[EventType "team"]
[EventRounds "11"]
[EventCountry "AUT"]
[WhiteTeam "Wuestenrot Inter Sbg Sued"]
[BlackTeam "Sparkasse Jenbach II"]

1.d4 g6 2.e4 Bg7 3.Nf3 d6 4.Nc3 Nf6 5.Bc4 Nxe4 6.Bxf7+ Kxf7 7.Nxe4 Rf8 8.h4 h6
9.h5 g5 10.Nfxg5+ hxg5 11.h6 Bf6 12.Qh5+ Ke6 13.Qg4+ Kf7 14.Qh5+ Ke6 15.h7 Rh8
16.Qg4+ Kf7 17.Qh5+ Ke6 18.Bxg5 d5 19.Nxf6 exf6 20.O-O-O Kd6 21.Qf7 Nd7 22.Bf4+
Kc6 23.Qe6+ Kb5 24.a4+ Kxa4 25.Qxd5 c5 26.Qc4+ Ka5 27.b4+ cxb4 28.Bc7+ Qxc7
29.Qxc7+ b6 30.Rh5+ Ka6 31.Kb2

[Event "2. Bundesliga West 2008/2009"]
[Site "Schwaz"]
[Date "2009.01.17"]
[Round "7"]
[Board "2"]
[White "Deglmann, Ludwig"]
[Black "Lickleder, Andreas"]
[Result "1/2-1/2"]
[WhiteElo "2336"]
[BlackElo "2244"]
[PlyCount "44"]
[EventDate "2008.10.17"]
[EventType "team"]
[EventRounds "11"]
[EventCountry "AUT"]
[WhiteTeam "Sparkasse Jenbach II"]
[BlackTeam "Wuestenrot Inter Sbg Sued"]

1.g3 c5 2.Bg2 Nf6 3.f4 e6 4.Nf3 Be7 5.O-O O-O 6.d3 Nc6 7.c3 Rb8 8.a4 a6 9.Na3 b5
10.axb5 axb5 11.Nc2 Bb7 12.Kh1 Qc7 13.Qe1 Na5 14.Be3 Nb3 15.Rb1 c4 16.Ncd4 Nxd4
17.Bxd4 cxd3 18.exd3 Bd5 19.Qd2 Rfe8 20.Ra1 Ra8 21.Ne5 Bxg2+ 22.Qxg2 d5

[Event "2. Bundesliga West 2008/2009"]
[Site "Schwaz"]
[Date "2009.01.17"]
[Round "7"]
[Board "3"]
[White "Riemelmoser, Franz"]
[Black "Micheli, Carlo"]
[Result "0-1"]
[WhiteElo "2298"]
[BlackElo "2289"]
[PlyCount "64"]
[EventDate "2008.10.17"]
[EventType "team"]
[EventRounds "11"]
[EventCountry "AUT"]
[WhiteTeam "Wuestenrot Inter Sbg Sued"]
[BlackTeam "Sparkasse Jenbach II"]

1.c4 g6 2.Nc3 Bg7 3.g3 e5 4.Bg2 Nc6 5.e4 d6 6.d3 Nf6 7.Nge2 Bg4 8.f3 Bd7 9.O-O
Qc8 10.Nd5 Nd8 11.d4 c6 12.Nxf6+ Bxf6 13.dxe5 dxe5 14.Qd6 Ne6 15.Bh6 Qc7 16.Qa3
Be7 17.Qc3 Bc5+ 18.Kh1 Nd4 19.Nc1 Ne6 20.Nb3 Bd4 21.Nxd4 exd4 22.Qa3 c5 23.f4
Qb6 24.f5 Nd8 25.Bg5 f6 26.fxg6 fxg5 27.g7 Rg8 28.Qf3 Qe6 29.Qh5+ Qg6 30.Qe2
Rxg7 31.e5 Re7 32.Be4 Qxe4+

[Event "2. Bundesliga West 2008/2009"]
[Site "Schwaz"]
[Date "2009.01.17"]
[Round "7"]
[Board "5"]
[White "Endthaler, Arnold"]
[Black "Schnegg, Daniel"]
[Result "1/2-1/2"]
[WhiteElo "2061"]
[BlackElo "2090"]
[PlyCount "78"]
[EventDate "2008.10.17"]
[EventType "team"]
[EventRounds "11"]
[EventCountry "AUT"]
[WhiteTeam "Wuestenrot Inter Sbg Sued"]
[BlackTeam "Sparkasse Jenbach II"]

1.Nf3 Nf6 2.g3 g6 3.Bg2 Bg7 4.O-O O-O 5.d3 d6 6.c3 Nbd7 7.Nbd2 Rb8 8.Qc2 c5 9.a4
b6 10.Nh4 a6 11.Re1 Qc7 12.e4 b5 13.axb5 axb5 14.Nf1 Ng4 15.h3 Nge5 16.f4 Nc6
17.Ne3 e6 18.Bd2 Na5 19.Kh2 Bb7 20.Nf3 Rfc8 21.Ra3 Qb6 22.Rea1 Nc6 23.Qb3 Ne7
24.Ng5 Nf8 25.f5 h6 26.Nf3 Kh7 27.fxg6+ Nfxg6 28.Ra5 Bc6 29.Ra6 Qc7 30.Ra7 Rb7
31.Rxb7 Qxb7 32.Qa2 Rb8 33.h4 c4 34.h5 Ne5 35.Nxe5 Bxe5 36.d4 Bg7 37.Qb1 Kg8
38.Ng4 f5 39.Nxh6+ Bxh6

[Event "2. Bundesliga West 2008/2009"]
[Site "Schwaz"]
[Date "2009.01.17"]
[Round "7"]
[Board "6"]
[White "Schnegg, Martin"]
[Black "Huber, Wolfgang"]
[Result "1/2-1/2"]
[WhiteElo "2061"]
[BlackElo "2048"]
[PlyCount "67"]
[EventDate "2008.10.17"]
[EventType "team"]
[EventRounds "11"]
[EventCountry "AUT"]
[WhiteTeam "Sparkasse Jenbach II"]
[BlackTeam "Wuestenrot Inter Sbg Sued"]

1.e4 c6 2.d4 d5 3.Nd2 dxe4 4.Nxe4 Bf5 5.Ng3 Bg6 6.Nf3 Nd7 7.h4 h6 8.h5 Bh7 9.Bd3
Bxd3 10.Qxd3 e6 11.Bf4 Qa5+ 12.Bd2 Qc7 13.O-O-O Ngf6 14.Kb1 O-O-O 15.Qe3 Bd6
16.Ne4 Nxe4 17.Qxe4 Nf6 18.Qe2 Kb8 19.Ne5 Ka8 20.Nc4 Qe7 21.Ba5 Bc7 22.Rh3 Rd5
23.Ra3 Bxa5 24.Rxa5 Qc7 25.Rxd5 cxd5 26.Ne5 Rc8 27.g4 a6 28.f3 Ka7 29.Rd3 Qe7
30.Rb3 Nd7 31.Nxd7 Qxd7 32.Qd2 f6 33.Re3 Rc6 34.a3

[Event "2. Bundesliga West 2008/2009"]
[Site "Schwaz"]
[Date "2009.01.17"]
[Round "7"]
[Board "1"]
[White "Westermeier, Arnulf"]
[Black "Bayer, Bernhard"]
[Result "1/2-1/2"]
[WhiteElo "2274"]
[BlackElo "2359"]
[PlyCount "57"]
[EventDate "2008.10.17"]
[EventType "team"]
[EventRounds "11"]
[EventCountry "AUT"]
[WhiteTeam "ASK Salzburg"]
[BlackTeam "Schwaz"]

1.e4 c5 2.Nf3 Nc6 3.d4 cxd4 4.Nxd4 Nf6 5.Nc3 e5 6.Ndb5 d6 7.Bg5 a6 8.Na3 b5
9.Bxf6 gxf6 10.Nd5 Bg7 11.Qd3 O-O 12.Be2 f5 13.f3 fxe4 14.fxe4 f5 15.O-O Nd4
16.c3 Nxe2+ 17.Qxe2 Ra7 18.Nc2 Raf7 19.exf5 Bxf5 20.Nce3 Be6 21.Rxf7 Rxf7 22.a4
Qa8 23.Qd3 Qa7 24.Kh1 bxa4 25.Rxa4 Bxd5 26.Nxd5 Qf2 27.Ra1 e4 28.Qxa6 Qxb2 29.h3

[Event "2. Bundesliga West 2008/2009"]
[Site "Schwaz"]
[Date "2009.01.17"]
[Round "7"]
[Board "2"]
[White "Fuchs, Georg"]
[Black "Navratil, Robert"]
[Result "1-0"]
[WhiteElo "2231"]
[BlackElo "2127"]
[PlyCount "47"]
[EventDate "2008.10.17"]
[EventType "team"]
[EventRounds "11"]
[EventCountry "AUT"]
[WhiteTeam "Schwaz"]
[BlackTeam "ASK Salzburg"]

1.e4 d5 2.exd5 Nf6 3.Nc3 Nxd5 4.Bc4 e6 5.Qf3 Nb6 6.Bb3 Nc6 7.Nge2 Be7 8.O-O O-O
9.d3 Kh8 10.Qh5 Bf6 11.Ne4 g6 12.Qf3 Bg7 13.Ng5 Kg8 14.Qh3 h6 15.Ne4 e5 16.Qg3
Kh7 17.f4 f5 18.Ng5+ hxg5 19.Qh3+ Bh6 20.fxg5 Nd5 21.Qxh6+ Kg8 22.Qxg6+ Kh8
23.Qh6+ Kg8 24.g6

[Event "2. Bundesliga West 2008/2009"]
[Site "Schwaz"]
[Date "2009.01.17"]
[Round "7"]
[Board "3"]
[White "Juergens, Klaus"]
[Black "Gruber, Michael"]
[Result "1-0"]
[WhiteElo "2196"]
[BlackElo "2112"]
[PlyCount "43"]
[EventDate "2008.10.17"]
[EventType "team"]
[EventRounds "11"]
[EventCountry "AUT"]
[WhiteTeam "ASK Salzburg"]
[BlackTeam "Schwaz"]

1.Nf3 f5 2.c4 Nf6 3.g3 g6 4.Bg2 Bg7 5.Nc3 d6 6.O-O O-O 7.d3 Nc6 8.Rb1 a5 9.a3
Nh5 10.Ng5 e6 11.f4 h6 12.Nf3 e5 13.Bd2 Re8 14.e3 exf4 15.gxf4 Be6 16.b3 Bf7
17.d4 Nf6 18.Qc2 Qe7 19.Rbe1 Ne4 20.Bc1 Kh7 21.Nxe4 Qxe4 22.Ng5+

[Event "2. Bundesliga West 2008/2009"]
[Site "Schwaz"]
[Date "2009.01.17"]
[Round "7"]
[Board "4"]
[White "Riedl, Johannes"]
[Black "Besner, Bernhard"]
[Result "1-0"]
[WhiteElo "2145"]
[BlackElo "2145"]
[PlyCount "75"]
[EventDate "2008.10.17"]
[EventType "team"]
[EventRounds "11"]
[EventCountry "AUT"]
[WhiteTeam "Schwaz"]
[BlackTeam "ASK Salzburg"]

1.d4 d5 2.Nf3 c5 3.e3 e6 4.c3 Nf6 5.Bd3 Nc6 6.Nbd2 Qc7 7.O-O Bd6 8.e4 dxe4
9.Nxe4 cxd4 10.Nxf6+ gxf6 11.cxd4 Nb4 12.Bh6 Rg8 13.Rc1 Qa5 14.a3 Qh5 15.axb4
Qxh6 16.Bb5+ Kf8 17.g3 a6 18.Be2 Bd7 19.d5 e5 20.Qb3 b5 21.Ra1 Qf4 22.Rfc1 Qxb4
23.Qe3 Ke7 24.Rc2 h5 25.Nd2 h4 26.Ne4 hxg3 27.hxg3 f5 28.Nxd6 Qxd6 29.f4 Kf6
30.Rac1 exf4 31.Qd4+ Ke7 32.Rc6 Rxg3+ 33.Kf1 Bxc6 34.Rxc6 Qd8 35.Qc5+ Ke8
36.Re6+ fxe6 37.Bh5+ Kd7 38.Qc6+

[Event "2. Bundesliga West 2008/2009"]
[Site "Schwaz"]
[Date "2009.01.17"]
[Round "7"]
[Board "5"]
[White "Loeffler, Christoph"]
[Black "Kondrak, Christof"]
[Result "1/2-1/2"]
[WhiteElo "2166"]
[BlackElo "2148"]
[PlyCount "115"]
[EventDate "2008.10.17"]
[EventType "team"]
[EventRounds "11"]
[EventCountry "AUT"]
[WhiteTeam "ASK Salzburg"]
[BlackTeam "Schwaz"]

1.e4 g6 2.d4 Bg7 3.Nf3 b6 4.c3 Bb7 5.Bd3 c5 6.d5 a6 7.O-O e6 8.c4 Ne7 9.Nc3 O-O
10.Bg5 f6 11.Bh4 g5 12.Bg3 e5 13.h4 h6 14.h5 d6 15.Nh2 Bc8 16.Ng4 f5 17.exf5
Nxf5 18.Ne4 Nd4 19.Ne3 Qe7 20.Nc2 Nf5 21.Ne3 Nd4 22.Nc2 Nxc2 23.Bxc2 Nd7 24.Rb1
Nf6 25.Nxf6+ Rxf6 26.b4 Bf5 27.Bxf5 Rxf5 28.bxc5 bxc5 29.Qg4 Rf6 30.Rb6 a5
31.Rfb1 Qf8 32.Rb7 Re8 33.Rc7 Rf7 34.Rc6 Rf6 35.Rbb6 Qe7 36.a4 Bf8 37.Rb3 Qh7
38.Qe2 Qf7 39.Rcb6 Qd7 40.R6b5 Ra8 41.Qe4 Ra7 42.f3 Qe8 43.Qg4 Re7 44.Re3 Qa8
45.Re4 Rb7 46.Rxb7 Qxb7 47.Be1 Qc7 48.Bd2 Bg7 49.Kh2 Rf8 50.Qe6+ Kh8 51.Re1 Rb8
52.Qf5 Qd8 53.Rb1 Rxb1 54.Qxb1 Qe8 55.Qg6 Qxa4 56.Bxg5 Qxc4 57.Qe8+ Kh7 58.Qg6+

[Event "2. Bundesliga West 2008/2009"]
[Site "Schwaz"]
[Date "2009.01.17"]
[Round "7"]
[Board "6"]
[White "Koell,  Hannes"]
[Black "Scheiblmaier, Robert"]
[Result "1/2-1/2"]
[WhiteElo "2105"]
[BlackElo "2133"]
[PlyCount "116"]
[EventDate "2008.10.17"]
[EventType "team"]
[EventRounds "11"]
[EventCountry "AUT"]
[WhiteTeam "Schwaz"]
[BlackTeam "ASK Salzburg"]

1.d4 d5 2.c4 e6 3.Nc3 c5 4.cxd5 exd5 5.Nf3 Nc6 6.g3 Nf6 7.Bg2 Be7 8.O-O O-O
9.dxc5 Bxc5 10.Bg5 d4 11.Ne4 Be7 12.Bxf6 Bxf6 13.b4 Re8 14.Nxf6+ Qxf6 15.b5 Ne5
16.Nxd4 Rd8 17.e3 Bg4 18.Qb3 Nf3+ 19.Nxf3 Bxf3 20.Bxf3 Qxf3 21.Rfd1 h5 22.h4
Rac8 23.Rd3 Qe2 24.Rad1 Rxd3 25.Qxd3 Qxd3 26.Rxd3 Rc2 27.Rd8+ Kh7 28.Rd7 Kg6
29.Rxb7 Rxa2 30.Kg2 a5 31.Ra7 a4 32.Kf3 Rb2 33.Rxa4 Rxb5 34.Ra6+ Kh7 35.Kf4 g6
36.e4 Kg7 37.f3 Rb4 38.Rd6 Rb3 39.Rd7 Ra3 40.e5 Ra4+ 41.Kg5 Ra5 42.Kf4 Ra4+
43.Ke3 Ra3+ 44.Ke4 Ra4+ 45.Rd4 Ra1 46.Kf4 Ra5 47.g4 hxg4 48.fxg4 Ra1 49.Re4 Ra5
50.h5 Rb5 51.hxg6 Kxg6 52.Rd4 Rb1 53.Rd6+ Kg7 54.Rf6 Rf1+ 55.Kg5 Re1 56.Rf5 Rxe5
57.Rxe5 f6+ 58.Kf5 fxe5

[Event "2. Bundesliga West 2008/2009"]
[Site "Schwaz"]
[Date "2009.01.17"]
[Round "7"]
[Board "2"]
[White "Gatterer, Florian"]
[Black "Novkovic, Julia"]
[Result "1-0"]
[WhiteElo "2302"]
[BlackElo "2128"]
[PlyCount "127"]
[EventDate "2008.10.17"]
[EventType "team"]
[EventRounds "11"]
[EventCountry "AUT"]
[WhiteTeam "Rochade Rum"]
[BlackTeam "Dornbirn"]

1.e4 c5 2.Nc3 Nc6 3.g3 g6 4.Bg2 Bg7 5.d3 e6 6.Be3 Nd4 7.Qd2 Qa5 8.h4 Nf6 9.f3 d5
10.O-O-O b5 11.Kb1 Nxc2 12.Bh6 Na3+ 13.Kc1 Bxh6 14.Qxh6 Bb7 15.Nce2 b4 16.bxa3
c4 17.Kb1 cxd3 18.Nc1 dxe4 19.Nb3 Qxa3 20.Qc1 exf3 21.Qxa3 bxa3 22.Bxf3 Bxf3
23.Nxf3 Ne4 24.Rc1 O-O 25.Rhd1 Rfd8 26.g4 Rab8 27.Nfd2 Rb4 28.Nxe4 Rxe4 29.Rg1
Re2 30.Rcd1 e5 31.Rd2 Rxd2 32.Nxd2 Rd4 33.Kc1 e4 34.Rg3 Kf8 35.g5 f5 36.gxf6 Kf7
37.Re3 Kxf6 38.Nxe4+ Kf5 39.Nd2 Kg4 40.Re7 h5 41.Rxa7 Kf4 42.Kd1 Ke3 43.Re7+ Kf4
44.Ke1 Kf5 45.Rf7+ Ke6 46.Rf3 Kd5 47.Kf2 Rxh4 48.Rxd3+ Kc5 49.Rxa3 Rh2+ 50.Ke3
Kb4 51.Rb3+ Ka4 52.Rb8 g5 53.Kd3 Ka5 54.Ne4 Ka6 55.a4 g4 56.Nc5+ Ka7 57.Rb7+ Ka8
58.Rg7 Ra2 59.Kc4 Rf2 60.a5 Ra2 61.Kb5 Rf2 62.Na4 Rf5+ 63.Ka6 Kb8 64.Nb6

[Event "2. Bundesliga West 2008/2009"]
[Site "Schwaz"]
[Date "2009.01.17"]
[Round "7"]
[Board "3"]
[White "Klocker, Benedikt"]
[Black "Bertagnolli, Alexander"]
[Result "0-1"]
[WhiteElo "2119"]
[BlackElo "2322"]
[PlyCount "92"]
[EventDate "2008.10.17"]
[EventType "team"]
[EventRounds "11"]
[EventCountry "AUT"]
[WhiteTeam "Dornbirn"]
[BlackTeam "Rochade Rum"]

1.e4 c5 2.Nf3 e6 3.d4 cxd4 4.Nxd4 Bc5 5.Nb3 Be7 6.Nc3 d6 7.Be3 Nf6 8.f4 Nc6
9.Qf3 Bd7 10.O-O-O Rc8 11.g4 g5 12.Nb5 gxf4 13.Bxf4 e5 14.Nxd6+ Bxd6 15.Rxd6
exf4 16.Qxf4 Nxg4 17.Nc5 Nce5 18.Nxd7 Qc7 19.Qd2 Nf3 20.Qc3 Qxd6 21.Qxc8+ Ke7
22.Qc5 Qxc5 23.Nxc5 Nf2 24.Bg2 Nxh1 25.Bxf3 Nf2 26.Nxb7 Rg8 27.Kd2 Ng4 28.h4 Ne5
29.Be2 Rb8 30.Ba6 Nf3+ 31.Ke3 Nxh4 32.c4 Ng6 33.Kd4 h5 34.c5 h4 35.c6 h3 36.Bf1
Nf4 37.Bxh3 Nxh3 38.b4 Nf4 39.b5 Ne6+ 40.Kd5 Rh8 41.Nd6 Nf4+ 42.Kc5 Nd3+ 43.Kd5
Rd8 44.e5 Nxe5 45.Kxe5 Rxd6 46.c7 Re6+

[Event "2. Bundesliga West 2008/2009"]
[Site "Schwaz"]
[Date "2009.01.17"]
[Round "7"]
[Board "4"]
[White "Eybl, Alexander"]
[Black "Natter, Markus"]
[Result "1/2-1/2"]
[WhiteElo "2270"]
[BlackElo "2118"]
[PlyCount "43"]
[EventDate "2008.10.17"]
[EventType "team"]
[EventRounds "11"]
[EventCountry "AUT"]
[WhiteTeam "Rochade Rum"]
[BlackTeam "Dornbirn"]

1.Nf3 g6 2.g3 Bg7 3.Bg2 d6 4.O-O f5 5.d3 Nf6 6.c4 O-O 7.Nc3 Nh5 8.Bd2 a5 9.a3
Nc6 10.Rb1 e5 11.b4 axb4 12.axb4 h6 13.b5 Ne7 14.Ne1 f4 15.Nc2 Rb8 16.Nb4 Be6
17.Nbd5 Qd7 18.Rb4 fxg3 19.hxg3 Kh7 20.Nxe7 Qxe7 21.Ne4 Nf6 22.Qc2

[Event "2. Bundesliga West 2008/2009"]
[Site "Schwaz"]
[Date "2009.01.17"]
[Round "7"]
[Board "6"]
[White "Muehlbacher, Bernhard"]
[Black "Kessler, Luca"]
[Result "1-0"]
[WhiteElo "2171"]
[BlackElo "1931"]
[PlyCount "55"]
[EventDate "2008.10.17"]
[EventType "team"]
[EventRounds "11"]
[EventCountry "AUT"]
[WhiteTeam "Rochade Rum"]
[BlackTeam "Dornbirn"]

1.c4 c5 2.g3 Nf6 3.Bg2 e6 4.e4 Nc6 5.Nc3 Be7 6.Nge2 O-O 7.O-O a6 8.f4 d6 9.d3
Qc7 10.h3 Rb8 11.a4 Bd7 12.g4 Nb4 13.Ng3 Ne8 14.g5 b5 15.axb5 axb5 16.b3 bxc4
17.bxc4 Bc6 18.f5 d5 19.f6 Bd6 20.exd5 Bxg3 21.dxc6 Be5 22.Ra3 Nxc6 23.Nb5 Qd7
24.Qe1 Bd4+ 25.Kh1 Rd8 26.Qh4 g6 27.Qh6 Be5 28.Bf4

[Event "2. Bundesliga West 2008/2009"]
[Site "Schwaz"]
[Date "2009.01.17"]
[Round "7"]
[Board "1"]
[White "Froewis, Georg"]
[Black "Lanka, Zigurds"]
[Result "0-1"]
[WhiteElo "2269"]
[BlackElo "2494"]
[PlyCount "68"]
[EventDate "2008.10.17"]
[EventType "team"]
[EventRounds "11"]
[EventCountry "AUT"]
[WhiteTeam "Hohenems II"]
[BlackTeam "Mayrhofen/Zillertal"]

1.e4 c5 2.Nf3 e6 3.c4 b6 4.Nc3 Bb7 5.d4 cxd4 6.Nxd4 a6 7.Be2 Qc7 8.O-O Nf6 9.Qd3
d6 10.f4 Nbd7 11.Bf3 Be7 12.b3 Rd8 13.Bb2 Ne5 14.Qe2 Nxf3+ 15.gxf3 d5 16.cxd5
Qxf4 17.Kh1 Nh5 18.Rg1 Bf6 19.Rad1 O-O 20.Rg4 Qc7 21.Qg2 exd5 22.exd5 Bxd5
23.Nf5 Nf4 24.Qg3 Bxc3 25.Rxg7+ Kh8 26.Rg1 Bxf3+ 27.Qxf3 Bxb2 28.R7g4 Ng6
29.R4g2 Be5 30.h4 Qc3 31.Qxc3 Bxc3 32.h5 Nf4 33.Rg4 Nd3 34.Nh6 Nf2+

[Event "2. Bundesliga West 2008/2009"]
[Site "Schwaz"]
[Date "2009.01.17"]
[Round "7"]
[Board "2"]
[White "Gross, David"]
[Black "Baldauf, Marco"]
[Result "1/2-1/2"]
[WhiteElo "2485"]
[BlackElo "2313"]
[PlyCount "80"]
[EventDate "2008.10.17"]
[EventType "team"]
[EventRounds "11"]
[EventCountry "AUT"]
[WhiteTeam "Mayrhofen/Zillertal"]
[BlackTeam "Hohenems II"]

1.e4 c5 2.Nf3 d6 3.d4 cxd4 4.Nxd4 Nf6 5.Nc3 g6 6.Be2 Bg7 7.O-O Nc6 8.Nb3 O-O
9.Re1 a5 10.a4 Be6 11.Bf1 Bxb3 12.cxb3 Nb4 13.Bg5 Rc8 14.Qd2 Nd7 15.Rac1 Bf6
16.Bh6 Re8 17.Bb5 Nc6 18.Nd5 Bg7 19.Bg5 Nc5 20.Rxc5 dxc5 21.Bxc6 bxc6 22.Nxe7+
Rxe7 23.Qxd8+ Rxd8 24.Bxe7 Rd2 25.Bxc5 Bxb2 26.g3 Kg7 27.Bb6 Bd4 28.Bxd4+ Rxd4
29.Rc1 Rd3 30.Rxc6 Rxb3 31.Rc5 Rb4 32.Rxa5 Rxe4 33.Kg2 h6 34.h4 Rb4 35.Ra6 Rc4
36.Ra7 Rb4 37.Ra8 Rc4 38.Ra5 Rb4 39.Ra7 Rc4 40.Ra5 Rb4

[Event "2. Bundesliga West 2008/2009"]
[Site "Schwaz"]
[Date "2009.01.17"]
[Round "7"]
[Board "3"]
[White "Novkovic, Milan"]
[Black "Maiwald, Jens-Uwe"]
[Result "0-1"]
[WhiteElo "2398"]
[BlackElo "2500"]
[PlyCount "114"]
[EventDate "2008.10.17"]
[EventType "team"]
[EventRounds "11"]
[EventCountry "AUT"]
[WhiteTeam "Hohenems II"]
[BlackTeam "Mayrhofen/Zillertal"]

1.d4 Nf6 2.c4 g6 3.Nc3 Bg7 4.e4 d6 5.f3 O-O 6.Be3 a6 7.Qd2 Nbd7 8.Nh3 c5 9.Nf2
Qa5 10.Be2 Rb8 11.O-O b5 12.Rfd1 bxc4 13.Bxc4 cxd4 14.Bxd4 Ne5 15.Be2 Qb4 16.b3
a5 17.Rac1 Be6 18.Na4 Qxd2 19.Rxd2 Bh6 20.Rcc2 Bxd2 21.Rxd2 Rfc8 22.Nd1 Nfd7
23.Ne3 Nc6 24.Bc3 Nb4 25.Bc4 Nb6 26.Nxb6 Rxb6 27.f4 a4 28.f5 Bxc4 29.Nxc4 Rbb8
30.f6 exf6 31.Bxf6 axb3 32.axb3 Na6 33.Nxd6 Rc1+ 34.Kf2 Nc5 35.b4 Rxb4 36.Ra2
Ra4 37.Rxa4 Nxa4 38.Ke2 Nc5 39.Bd4 Ne6 40.Be3 Rc2+ 41.Kf3 f6 42.Nb5 Rc4 43.h4
Kf8 44.Na3 Ra4 45.Nb1 Nd4+ 46.Kf4 Kf7 47.Nd2 Nc6 48.Kf3 Ne5+ 49.Ke2 Ke6 50.g3
Ra2 51.Kf1 h5 52.Bf4 Rb2 53.Be3 f5 54.Bg5 Rb4 55.exf5+ Kxf5 56.Kg2 Kg4 57.Bf4
Rb2

[Event "2. Bundesliga West 2008/2009"]
[Site "Schwaz"]
[Date "2009.01.17"]
[Round "7"]
[Board "5"]
[White "Burschowsky, Matthias"]
[Black "Schiestl, Josef"]
[Result "1-0"]
[WhiteElo "2193"]
[BlackElo "2147"]
[PlyCount "79"]
[EventDate "2008.10.17"]
[EventType "team"]
[EventRounds "11"]
[EventCountry "AUT"]
[WhiteTeam "Hohenems II"]
[BlackTeam "Mayrhofen/Zillertal"]

1.Nf3 Nf6 2.g3 g6 3.Bg2 Bg7 4.O-O O-O 5.c4 d6 6.Nc3 a6 7.d3 c5 8.Rb1 Nc6 9.a3
Rb8 10.b4 cxb4 11.axb4 b5 12.cxb5 axb5 13.Bg5 Be6 14.Qd2 Qd7 15.Rfc1 Rfc8 16.Bh6
Bxh6 17.Qxh6 Ng4 18.Qf4 f6 19.d4 Bf5 20.e4 e5 21.Qd2 exd4 22.exf5 dxc3 23.Qd5+
Kg7 24.fxg6 hxg6 25.Bh3 f5 26.Rxc3 Nf6 27.Qd3 Ne4 28.Rc2 Qe7 29.Rbc1 Ne5 30.Nxe5
Rxc2 31.Rxc2 dxe5 32.Qb3 Rd8 33.Re2 Rd4 34.Bg2 Rxb4 35.Qd3 Rd4 36.Qxb5 Rd1+
37.Bf1 Nd2 38.Rxe5 Qxe5 39.Qxe5+ Kh6 40.Qh8+

[Event "2. Bundesliga West 2008/2009"]
[Site "Schwaz"]
[Date "2009.01.17"]
[Round "7"]
[Board "6"]
[White "Platzgummer, Fabian"]
[Black "Hillbrand, Johannes"]
[Result "1-0"]
[WhiteElo "2187"]
[BlackElo "1943"]
[PlyCount "77"]
[EventDate "2008.10.17"]
[EventType "team"]
[EventRounds "11"]
[EventCountry "AUT"]
[WhiteTeam "Mayrhofen/Zillertal"]
[BlackTeam "Hohenems II"]

1.e4 c5 2.Nf3 Nc6 3.d4 cxd4 4.Nxd4 g6 5.c4 Bg7 6.Be3 d6 7.Nc3 Nf6 8.Be2 O-O
9.O-O Bd7 10.Qd2 Ng4 11.Bxg4 Bxg4 12.f3 Bd7 13.Kh1 a6 14.Rad1 Rb8 15.Nd5 Ne5
16.b3 Bc6 17.Bg5 Bxd5 18.exd5 Nd7 19.Rfe1 Bf6 20.Re2 Bxg5 21.Qxg5 e5 22.Qxd8
Rfxd8 23.Nc2 Rdc8 24.Kg1 Nc5 25.Re3 a5 26.Na3 Na6 27.Nb5 Rd8 28.Rf1 f5 29.f4 e4
30.g4 Kf7 31.gxf5 gxf5 32.Rh3 Kg6 33.Kf2 Rg8 34.Rg1+ Kf6 35.Rxg8 Rxg8 36.Rxh7
Nc5 37.Nxd6 Nd3+ 38.Ke3 Rg1 39.Ne8+

[Event "2. Bundesliga West 2008/2009"]
[Site "Schwaz"]
[Date "2009.01.17"]
[Round "7"]
[Board "1"]
[White "Weindl, Alfred"]
[Black "Medvegy, Zoltan"]
[Result "1-0"]
[WhiteElo "2352"]
[BlackElo "2556"]
[PlyCount "117"]
[EventDate "2008.10.17"]
[EventType "team"]
[EventRounds "11"]
[EventCountry "AUT"]
[WhiteTeam "Bregenz"]
[BlackTeam "ATSV Ranshofen"]

1.Nf3 Nf6 2.g3 d5 3.Bg2 c6 4.O-O Bf5 5.d3 e6 6.Nbd2 h6 7.Qe1 Bh7 8.e4 Nbd7 9.Qe2
Bc5 10.Kh1 O-O 11.c3 Be7 12.Ne1 dxe4 13.dxe4 Nc5 14.f3 Nfd7 15.Nb3 Nxb3 16.axb3
a5 17.Be3 Nc5 18.Rd1 Qb6 19.Rd7 Nxd7 20.Bxb6 Nxb6 21.Nc2 Rfd8 22.Rd1 Nd7 23.Bf1
Nc5 24.Rxd8+ Rxd8 25.Nd4 Bf8 26.e5 Nd3 27.Qe3 Nxb2 28.Qd2 Ba3 29.Qe1 b5 30.Be2
Rc8 31.Qd2 b4 32.Nxc6 bxc3 33.Qxc3 Kh8 34.Qxa5 Bf8 35.Qa6 Re8 36.b4 g5 37.b5 Nd3
38.b6 Nc5 39.Qb5 Ra8 40.b7 Ra1+ 41.Kg2 Nxb7 42.Qxb7 Bg6 43.Ne7 Bh7 44.Nc8 Bg6
45.Nd6 Ra2 46.Kf1 Kg8 47.Ne4 Ra1+ 48.Kf2 Ra2 49.Qb3 Ra5 50.Qc3 Ra2 51.Nd6 Rc2
52.Qb3 Rd2 53.Ke3 Rd5 54.f4 Kh7 55.Bc4 gxf4+ 56.Kxf4 Bxd6 57.Bxd5 Bxe5+ 58.Kf3
exd5 59.Qxd5

[Event "2. Bundesliga West 2008/2009"]
[Site "Schwaz"]
[Date "2009.01.17"]
[Round "7"]
[Board "2"]
[White "Webersberger, Johann"]
[Black "Herbrechtsmeier, Christof"]
[Result "1-0"]
[WhiteElo "2265"]
[BlackElo "2305"]
[PlyCount "73"]
[EventDate "2008.10.17"]
[EventType "team"]
[EventRounds "11"]
[EventCountry "AUT"]
[WhiteTeam "ATSV Ranshofen"]
[BlackTeam "Bregenz"]

1.b3 e5 2.Bb2 Nc6 3.e3 d5 4.Bb5 Bd6 5.f4 Qh4+ 6.g3 Qe7 7.fxe5 Bxe5 8.Bxe5 Qxe5
9.Nc3 Nf6 10.Nf3 Qd6 11.Qe2 O-O 12.Bxc6 bxc6 13.Qg2 Ne4 14.Nxe4 dxe4 15.Nd4 c5
16.Qxe4 Bd7 17.Nf5 Qe6 18.Qxe6 fxe6 19.Nh4 e5 20.e4 g5 21.Ng2 Bg4 22.Rg1 a5
23.Ne3 Bf3 24.d3 Kf7 25.g4 h5 26.gxh5 g4 27.Nxg4 Ke6 28.h3 Rf4 29.Kd2 Rh8 30.h6
Bxg4 31.hxg4 Rxh6 32.Rh1 Rxh1 33.Rxh1 Rxg4 34.Rh6+ Ke7 35.Ra6 Rg2+ 36.Kc3 c6
37.Rxa5

[Event "2. Bundesliga West 2008/2009"]
[Site "Schwaz"]
[Date "2009.01.17"]
[Round "7"]
[Board "3"]
[White "Poettinger, Harald"]
[Black "Enoeckl, Philipp"]
[Result "1/2-1/2"]
[WhiteElo "2207"]
[BlackElo "2188"]
[PlyCount "35"]
[EventDate "2008.10.17"]
[EventType "team"]
[EventRounds "11"]
[EventCountry "AUT"]
[WhiteTeam "Bregenz"]
[BlackTeam "ATSV Ranshofen"]

1.e4 e6 2.d4 d5 3.exd5 exd5 4.Nf3 Nf6 5.Bd3 Bd6 6.O-O O-O 7.Bg5 Bg4 8.Nbd2 Nbd7
9.c3 c6 10.Qc2 h6 11.Bh4 Qc7 12.Rfe1 Rfe8 13.Bg3 Nh5 14.Bxd6 Qxd6 15.g3 Nhf6
16.Kg2 Rxe1 17.Rxe1 Re8 18.Rxe8+

[Event "2. Bundesliga West 2008/2009"]
[Site "Schwaz"]
[Date "2009.01.17"]
[Round "7"]
[Board "4"]
[White "Zoister, Stefan"]
[Black "Bezler, Rainer"]
[Result "0-1"]
[WhiteElo "2209"]
[BlackElo "2245"]
[PlyCount "82"]
[EventDate "2008.10.17"]
[EventType "team"]
[EventRounds "11"]
[EventCountry "AUT"]
[WhiteTeam "ATSV Ranshofen"]
[BlackTeam "Bregenz"]

1.e4 e5 2.Nf3 Nc6 3.Nc3 d6 4.d4 exd4 5.Nxd4 Bd7 6.Nxc6 Bxc6 7.Bc4 Nf6 8.f3 Be7
9.Be3 a6 10.Qd2 O-O 11.O-O b5 12.Be2 Re8 13.Rab1 Qb8 14.Rfe1 Qb7 15.Bf1 h6
16.Qf2 Nh7 17.Qg3 Bg5 18.Bxg5 Nxg5 19.Bd3 Nh7 20.Ne2 Nf6 21.Nf4 Re5 22.Bf1 Rae8
23.Nd3 R5e7 24.Qf2 Nd7 25.Rbc1 Nb6 26.Nf4 Nd7 27.c4 b4 28.Kh1 Nc5 29.Nh5 Re5
30.Ng3 Nd7 31.f4 Ra5 32.b3 Nf8 33.Bd3 Qc8 34.Re3 Qe6 35.Rce1 Qf6 36.Bb1 Ng6
37.Rf1 Qd4 38.Nf5 Rxf5 39.exf5 Qxe3 40.Qxe3 Rxe3 41.fxg6 Re2

[Event "2. Bundesliga West 2008/2009"]
[Site "Schwaz"]
[Date "2009.01.17"]
[Round "7"]
[Board "6"]
[White "Hackbarth, Wolfgang"]
[Black "Lenninger, Ralf"]
[Result "1/2-1/2"]
[WhiteElo "2167"]
[BlackElo "2035"]
[PlyCount "76"]
[EventDate "2008.10.17"]
[EventType "team"]
[EventRounds "11"]
[EventCountry "AUT"]
[WhiteTeam "ATSV Ranshofen"]
[BlackTeam "Bregenz"]

1.c4 Nf6 2.Nc3 e6 3.d4 Bb4 4.Qc2 O-O 5.Nf3 d6 6.Bd2 d5 7.e3 Nbd7 8.c5 c6 9.a3
Ba5 10.Bd3 Bc7 11.Ne2 Re8 12.Bc3 b6 13.b4 bxc5 14.bxc5 Ba5 15.O-O Bxc3 16.Qxc3
Qc7 17.Ng3 e5 18.dxe5 Nxe5 19.Nxe5 Rxe5 20.Rab1 h5 21.Rb4 a5 22.Ra4 Bg4 23.f3
Bd7 24.Re1 Rae8 25.Kf2 g5 26.Qxa5 Qxa5 27.Rxa5 h4 28.Nf1 Kg7 29.Rb1 g4 30.Ra7 h3
31.f4 g3+ 32.hxg3 Ng4+ 33.Kg1 h2+ 34.Nxh2 Rxe3 35.Rxd7 Nf6 36.Rc7 Rxd3 37.g4 Rd2
38.g5 Nh5